Budoucnost je v digitálních platformách

Otázka napojenia sa bánk na digitálnu obchodnú platformu. Daná platforma môže efektívne zvýšiť jej výnosy. Banka si ale musí byť vedomá možných negatív a rizík a prínos platformy realisticky vyhodnocovať. Rizikom môže byť možnosť straty väzby na zákazníka alebo ohrozenie reputácie. Tri základné char...

Descripción completa

Guardado en:
Detalles Bibliográficos
Autor principal: Soukeník, Jiří
Formato: Capítulo de libro
Lenguaje:checo
Materias:
Etiquetas: Agregar Etiqueta
Sin Etiquetas, Sea el primero en etiquetar este registro!

MARC

LEADER 00000naa a2200000 4500
001 0258518
005 20200127085539.6
041 0 |a cze 
044 |a CZ 
245 1 0 |a Budoucnost je v digitálních platformách  |c Jiří Soukeník 
520 |a Otázka napojenia sa bánk na digitálnu obchodnú platformu. Daná platforma môže efektívne zvýšiť jej výnosy. Banka si ale musí byť vedomá možných negatív a rizík a prínos platformy realisticky vyhodnocovať. Rizikom môže byť možnosť straty väzby na zákazníka alebo ohrozenie reputácie. Tri základné charakteristiky digitálnej platformy. 
610 2 0 |a digitalizácia 
610 2 0 |a obchod 
610 2 0 |a bankovníctvo 
610 2 0 |a nástroje marketingové 
610 2 0 |a služby finančné 
100 1 |a Soukeník, Jiří